MDQL
is popping MORE tags! Check the
thread
!
Quizzes
Events
Quiz Creation
Community
Videos
Private Events
Remove Ads
Sign In
Join for FREE
Feedback
Dark Mode
Quiz Categories
Sports
Geography
Music
Movies
Television
Just For Fun
Miscellaneous
History
Literature
Language
Science
Gaming
Entertainment
Religion
Holiday
For Kids
Quiz Lab
Recent
Popular Today
Quiz Kudos Today
Editor Picks
Curator Picks
Quizzes by...
Day
Popularity
Type
Ratings
Length
Year
Community
Subscriptions
Recent Discussions
Orange Saloon
Badges
Playlists
Quests
Create
Leaderboards
Showdown
Live 5
Trivia Bingo
Activity
Puzzle Library
Sporcle Events
Private Events
Virtual Trivia
Globe League
Become a Host
Pub Owners
SporcleCon
Opinionation
Our Games
Videos
Blog
Mobile Apps
Partnerships
Remove Ads and Go Orange
Feedback
Music
Pop Music
The Beatles
Song
Album
Lyrics
Bands
Singers
Artist
Clip
Rock
Rap
Classical
Billboard
Country Music
Kpop
Taylor Swift
Music
Pop Music
The Beatles
Song
Album
Lyrics
Bands
Singers
Artist
Clip
Rock
Rap
Classical
Billboard
Country Music
Kpop
Taylor Swift
Random Quiz
Search Sporcle
×
Quiz Lab
Quiz Lab
Music
Lyrics
Type in answers that appear in a list
Type in answers that appear in a list
Classic
Best Score? Go Orange.
Changing - Airborne Toxic Event Lyrics Stats
Can you name the Changing - Airborne Toxic Event Lyrics?
By
jbarshay
10m
240 Questions
61 Plays
61 Plays
61 Plays
Comments
Comments
Give Quiz Kudos
Give Quiz Kudos
-
- Ratings
hide this ad
Replay
Link that replays current quiz
Next Quiz
Link to next quiz in quiz playlist
You Got
0%
They Got
Avg Score
86%
Avg Friend Score
Upgrade to see
Score Distribution
Jump to the score distribution portion of the page
Score
0/240
Timer
10:00
0
Plays Today
% Correct
you
100%
a
100%
a
100%
you
100%
you
100%
you
100%
a
100%
you
100%
you
100%
you
100%
you
100%
you
100%
a
100%
you
100%
you
100%
you
100%
you
100%
you
100%
i
98.4%
i
98.4%
i
98.4%
i
98.4%
the
98.4%
the
98.4%
changing
98.4%
changing
98.4%
i
98.4%
the
98.4%
the
98.4%
i
98.4%
the
98.4%
i
98.4%
i
98.4%
i
98.4%
changing
98.4%
changing
98.4%
i
98.4%
the
98.4%
i
98.4%
i
98.4%
i
98.4%
changing
98.4%
changing
98.4%
i
98.4%
the
98.4%
changing
98.4%
changing
98.4%
i
98.4%
the
98.4%
changing
98.4%
changing
98.4%
i
98.4%
the
98.4%
All
95.1%
all
95.1%
all
95.1%
all
95.1%
of
93.4%
that
93.4%
we
93.4%
that
93.4%
that
93.4%
we
93.4%
we
93.4%
of
93.4%
that
93.4%
these
91.8%
about
91.8%
in
91.8%
about
91.8%
man
91.8%
man
91.8%
these
91.8%
about
91.8%
about
91.8%
man
91.8%
man
91.8%
man
91.8%
these
91.8%
about
91.8%
% Correct
about
91.8%
man
91.8%
man
91.8%
man
91.8%
man
91.8%
man
91.8%
man
91.8%
say
90.2%
for
90.2%
What
90.2%
were
90.2%
were
90.2%
always
90.2%
what
90.2%
was
90.2%
same
90.2%
same
90.2%
same
90.2%
always
90.2%
was
90.2%
say
90.2%
for
90.2%
and
90.2%
what
90.2%
same
90.2%
same
90.2%
same
90.2%
always
90.2%
and
90.2%
we're
90.2%
and
90.2%
and
90.2%
your
90.2%
and
90.2%
say
90.2%
were
90.2%
always
90.2%
what
90.2%
same
90.2%
same
90.2%
what
90.2%
same
90.2%
same
90.2%
what
90.2%
same
90.2%
same
90.2%
am
88.5%
talking
88.5%
like
88.5%
am
88.5%
me
88.5%
some
88.5%
am
88.5%
you're
88.5%
you're
88.5%
me
88.5%
like
88.5%
am
88.5%
talking
88.5%
am
88.5%
am
88.5%
am
88.5%
buckets
86.9%
rain
86.9%
I've
86.9%
if
86.9%
i've
86.9%
don't
86.9%
go
86.9%
buckets
86.9%
rain
86.9%
just
85.2%
just
85.2%
just
85.2%
i'm
85.2%
just
85.2%
gentleman
83.6%
gentleman
83.6%
time
83.6%
even
83.6%
% Correct
at
83.6%
can't
83.6%
gentleman
83.6%
time
83.6%
at
83.6%
hear
82%
days
82%
turn
82%
into
82%
weeks
82%
when
82%
alone
82%
something
82%
when
82%
didn't
80.3%
didn't
80.3%
every
80.3%
every
80.3%
every
80.3%
every
80.3%
won't
80.3%
one
80.3%
home
80.3%
phone
80.3%
didn't
80.3%
every
80.3%
could
78.7%
things
78.7%
lay
78.7%
awake
78.7%
looking
78.7%
ask
77%
then
77%
own
77%
heard
75.4%
thinking
75.4%
forget
75.4%
more
75.4%
word
75.4%
been
75.4%
speak
75.4%
wide
75.4%
asleep
75.4%
forget
75.4%
never
75.4%
never
75.4%
enough
73.8%
both
73.8%
got
73.8%
way
73.8%
pretend
73.8%
checking
73.8%
but
73.8%
stay
72.1%
pay
72.1%
pass
72.1%
place
70.5%
next
70.5%
games
70.5%
play
70.5%
dime
70.5%
feed
70.5%
line
70.5%
called
70.5%
lied
68.9%
part
68.9%
try
68.9%
answer
68.9%
pick
68.9%
up
68.9%
fall
68.9%
i'll
67.2%
guess
65.6%
guess
65.6%
guess
65.6%
guess
65.6%
mind-numbing
63.9%
bit
62.3%
listen
62.3%
laugh
59%
Quiz Playlist
Details
Report
Send in Message
Add To Playlist
Classic:
Type in answers that appear in a list
Last Updated: Feb 16, 2017
Quiz Scoreboard
CHALLENGE
Sign Up to Join the Scoreboard
Show All
Scores
Hide
Comments
May contain spoilers
Recently Published
Image Sorting: Flags VI
by Barbecue
Geography
2m
Find the 'City' Movie
by crazypaving
Movies
60s
Colored Red Africa Blitz
by spor1
Geography
45s
More to Explore
Quiz From the Vault
Featured Blog Post
14 Easter Pick-up Lines to Find Eggs With
hide this ad
You Might Also Like...
Tags
Lyrics Quiz
Airborne
Changing
Event
Toxic
Today's Top Quizzes in Music
Browse Music
hide this ad
Today's Top Quizzes in Lyrics
Browse Lyrics
Top Contributed Quizzes in Music
1
5X2 Blitz: Bands II
2
5X2 Blitz: The Beatles
3
Taylor Swift All Songs (2024)
4
5X2 Blitz: Billboard
5
5X2 Blitz: Billboard II
6
5X2 Blitz: Album
7
5X2 Blitz: Rock
8
5X2 Blitz: Singers
9
Music Artist by Three 2010s hits
10
5X2 Blitz: Lyrics
Explore More
Trending Topics
Marvel
Disney
Anime
Harry Potter
NBA
Crossword
Kpop
Soccer
The Office
Country
Song
Puzzle
WWE
Pokémon
NFL
hide this ad
More By:
jbarshay
Quiz
Plays
Rating
Category
Featured
Created
From Eden - Hozier Lyrics
2,464
4.78
Music
Jun 28, 2015
When You Were Young - The Killers
706
5.00
Music
Jun 5, 2015
Love Love Love - Of Monsters and Men
169
5.00
Music
Jun 4, 2015
Changing - Airborne Toxic Event Lyrics
61
3.50
Music
Jun 4, 2015
Go to Creator's Profile
Score Distribution
Quiz Creator Spotlight
jbarshay
Follow
Send a Message
Quizzes Created
-
Created Quiz Play Count
-
More By This Creator
Popular Quizzes Today
1
Colored Red Africa Blitz
2
Find the US States - No Outlines Minefield
3
Find the 'City' Movie
4
5x2 Blitz: Bands
5
The Countries of the World
6
Find the US States
7
Find the Countries of Europe - No Outlines Minefield
8
US States
More Music Quizzes
Ariana Grande - 'Thank U, Next' Tracks
Quiz Lab
Trending Quizzes
Colored Red Europe Blitz I
Colored Red Africa Blitz II
Colored Red Europe Blitz II
Colored Red Africa Blitz III
Colored Red Europe Blitz III
Recently Updated
How Do You Spell That?
pecheneg
Godzilla Movies
pecheneg
Grab Bag: 4-10 Letters
pecheneg
2024 March Madness Bracket
pecheneg
Famous TV Couples
Peacemaker
Champions League XIs: Real Madrid
pecheneg
Largest US Cities 1790-2010
pecheneg
Rides in Walt Disney World
pecheneg
Most Oscar Losses (Acting)
pecheneg
Beyoncé Albums
pecheneg
Trending Topics
Marvel
Disney
Crossword
Anime
Kpop
NBA
Harry Potter
Pokémon
Soccer
Country
Song
The Office
Puzzle
WWE
NFL
Your Account Isn't Verified!
In order to create a playlist on Sporcle, you need to verify the email address you used during registration. Go to your
Sporcle Settings
to finish the process.
Report this User
Report this user for behavior that violates our
Community Guidelines
.
Details:
Send Report
Go to the Sporcle.com Mobile Site →
Comments